Príležitosť majú špecialisti a lokálni hráči

Slovensko má prvé outletové centrum vo Voderadoch.

Enregistré dans:
Détails bibliographiques
Auteur principal: Jurašková, Tatiana
Format: Chapitre de livre
Langue:slovaque
Sujets:
Tags: Ajouter un tag
Pas de tags, Soyez le premier à ajouter un tag!

MARC

LEADER 00000naa a2200000 4500
001 0181429
005 20231208065852.3
041 0 |a slo 
044 |a SK 
245 1 0 |a Príležitosť majú špecialisti a lokálni hráči  |c Tatiana Jurašková 
520 |a Slovensko má prvé outletové centrum vo Voderadoch. 
610 2 0 |a výrobky značkové 
610 2 0 |a predaj 
610 2 0 |a Slovensko 
100 1 |a Jurašková, Tatiana